000 00321nam a2200121 i 4500
001 bg
245 0 _aMarksistowska nauka stosunków międzynarodowych /
_cpod red.E.J. Pałygi i J. Symonidesa.
260 _aWarszawa,
_c1979.
040 _cBPK
041 _apol
942 _cKS
008 s pl f |000 0 pol
999 _c20672
_d20672
856 _uhttp://koha.tu.koszalin.pl/cgi-bin/koha/opac-detail.pl?biblionumber=20672
_yKatalog online BPK